000 01317cam a2200421 a 4500
001 15676077
003 NUST - PNEC
005 20170116180846.0
006 m d
007 cr |||||||||||
008 031028s2004 caua sb 001 0 eng d
010 _a 2009659262
015 _aGBA4-Z9898
020 _a9786610968251
020 _z0121550893
020 _z0080474667 (electronic bk.)
035 _a(UK-RwCLS)cis6424593
037 _a096825
_bMIL
040 _aUK-RwCLS
_cLIBRARY
_dDLC
042 _alccopycat
050 0 0 _aQP624
082 0 4 _a572.86 CAL
100 1 _aCalladine, C. R.
245 1 0 _aUnderstanding DNA: the molecule & how it works /
_cby Chris R. Calladine ... [et al.].
250 _a3rd ed.
260 _aSan Diego, CA :
_bElsevier Academic Press,
_c2004.
300 _axiii, 334 p. :
_bill. (some col.))
500 _aTitle from e-book title screen (viewed November 15, 2007).
504 _aIncludes bibliographical references and index.
530 _aAlso available in print.
650 0 _aDNA.
_xME, General
650 0 _aMolecular biology.
650 1 2 _aDNA.
650 2 2 _aMolecular Biology.
856 4 0 _zConnect to MyiLibrary resource
_uhttp://www.myilibrary.com?id=96825
906 _a7
_bcbc
_ccopycat
_du
_encip
_f20
_gy-gencatlg
942 _2ddc
_cBK
999 _c64465
_d64465